000 01516cam a22004457a 4500
001 000092289
003 CHAP
005 20240508090850.0
008 040830d2004 mx r 00110 spa d
010 _a88756
011 _a89728
035 _a100279
040 _cCHAP
090 _aTesis
100 0 0 _aMartínez Solís, Juan.
_972539
245 1 0 _aHeterosis intervarietal y uso de generaciones F2 de híbridos de jitomate (Lycopersicon esculentum Mill.) /
_cpor Juan Martínez Solís.
260 _aChapingo, Méx. :
_bEl autor,
_c2004.
300 _a88 h. :
_bcuadros.
502 _aTesis (Dr. en Ciencias en Horticultura) -- UACH. Departamento de Fitotecnia. Instituto de Horticultura.
590 _aALEPH
_b10
_c20130110
590 _aBATCH-UPD
_b10
_c20130110
590 _aBATCH-UPD
_b10
_c20130410
590 _aBATCH-UPD
_b10
_c20130914
590 _aBATCH-UPD
_b10
_c20140324
590 _aBATCH-UPD
_b10
_c20141002
590 _aCONVERSION
_b10
_c20130109
590 _aE12093SGE
_b10
_c20130624
650 1 4 _aHeterosis.
_955071
650 1 4 _aTomate
_xGenética.
_9113726
650 1 4 _aTomate
_xHíbridos.
_9113732
650 1 4 _aTomate
_xMejoramiento.
_9113737
650 1 4 _aTomate
_xRendimiento.
_9113761
856 _uhttp://10.13.5.2/tesis/100279.pdf
_zDESCARGAR PDF
901 _aBK
905 _aElisama A.H.
942 _cCD
_2ddc
942 _n0
_2ddc
949 _aTesis
_bBC
_cTES
_d100279
_eTS1
_h42462
_i100279
_sb
949 _aTesis
_bBC
_cTES
_d33724000923298
_eTS2
_fc.2
_h42463
_i100279
_si
999 _c88756
_d88756